00302nam a22001097a 4500020001800000040000900018082001300027100001900040245004400059260005100103650003800154 a9780241227916 cNUST a598bEVE aNandi, Ishani  aEverything You Need To Know About Birds aLondon:bDK Dorling Kindersley Penguin,c2016. aBirds-Everything You Need To Know